Statistics for Lady Gaga songs by album

Click here to take the quiz!

General Stats

  • This quiz has been taken 75 times
  • The average score is 46 of 70

Answer Stats

Lady Gaga Answer % Correct
THE FAMEJust Dance
95%
Paparazzi
95%
Poker Face
93%
Eh Eh (Nothing Else I Can Say)
91%
LoveGame
89%
The Fame
84%
THE FAME MONSTERBad Romance
84%
Born This Way
82%
UK BonusBorn This Way (Jost & Naaf remix)
82%
Alejandro
80%
BORN THIS WAYMarry The Night
80%
Telephone
80%
Applause
78%
You And I
78%
Judas
78%
Boys Boys Boys
76%
Perfect Illusion
75%
Million Reasons
75%
Teeth
75%
JOANNE (Japanese Bonus)Million Reasons (Work Tape)
75%
Dance In The Dark
75%
Monster
75%
Beautiful Dirty Rich
73%
The Edge Of Glory
71%
Joanne
71%
ARTPOP
71%
Venus
71%
A-Yo
69%
Brown Eyes
69%
Summerboy
67%
Do What U Want
67%
So Happy I Could Die
67%
Government Hooker
67%
Hair
67%
Speechless
67%
Money Honey
65%
John Wayne
65%
GUY
65%
Highway Unicorn (Road To Love)
64%
THE FAME BonusI Like It Rough
62%
Bad Kids
62%
ARTPOPAura
62%
Bloody Mary
62%
JOANNEDiamond Heart
62%
Swine
62%
Americano
62%
Dancin In Circles
60%
Angel Down
58%
Jewels N Drugs
58%
Donatella
58%
Fashion
58%
Hey Girl
58%
Angel Down (Work Tape)
58%
Dope
56%
Come To Mama
56%
Sexxx Dreams
56%
Electric Chapel
53%
Just Another Day
53%
Special EditionBlack Jesus + Amen Fashion
53%
Heavy Metal Lover
53%
Mary Jane Holland
51%
Gypsy
51%
Sinner's Prayer
49%
The Queen
49%
MANiCURE
49%
Again Again
47%
ScheiBe
47%
Fashion Of His Love
45%
Retro Dance Freak
36%
JOANNE (Deluxe)Griglo Girls
4%

Score Distribution

Percentile by Number Answered

Percent of People with Each Score

Your Score History

You have not taken this quiz